| 000 | 01079nam a22003257a 4500 | ||
|---|---|---|---|
| 003 | CHAP | ||
| 005 | 20220329143311.0 | ||
| 008 | 080326d2007 mx r 00110 spa d | ||
| 010 | _a94635 | ||
| 011 | _a95607 | ||
| 020 | _a9789701512937 | ||
| 035 | _a106234 | ||
| 040 | _cCHAP | ||
| 082 | 0 | 4 |
_a658.312 _bD5 2007 |
| 100 | 1 |
_aDíaz Martín, Ángel. _933548 |
|
| 245 | 1 | 3 |
_aEl arte de dirigir proyectos _c/por Ángel Díaz Martín |
| 250 | _a2 ed. | ||
| 260 |
_aMéxico, D.F. : _bAlfaomega, _c2007 |
||
| 300 |
_a551 p. : _btablas ; |
||
| 590 |
_aBATCH-UPD _b10 _c20130110 _lUCH01 _h0806 |
||
| 590 |
_aBATCH-UPD _b10 _c20130410 _lUCH01 _h0444 |
||
| 590 |
_aBATCH-UPD _b10 _c20130914 _lUCH01 _h1217 |
||
| 590 |
_aCONVERSION _b10 _c20130109 _lUCH01 _h1352 |
||
| 650 | 1 | 4 |
_aProyectos _xDiseño. _992524 |
| 650 | 1 | 4 |
_aProyectos _xEvaluación. _992525 |
| 901 | _aBK | ||
| 942 | _cLIBRO | ||
| 949 |
_a658.312 D5 2007 _bBC _cLIBRO _d33724002050710 _eLIBRO _gIc/e _h109336 _i106234 _si _t$278.00 |
||
| 949 |
_a658.312 D5 2007 _bBC _cLIBRO _d33724002050785 _eLIBRO _fc.2 _gIc/e _h109350 _i106234 _so _t$278.00 |
||
| 999 |
_c94635 _d94635 |
||